| 000 | 005109110a2200169 4500 | ||
|---|---|---|---|
| 005 | 20140412111243.0 | ||
| 008 | 140211s1999 xx 000 0 und d | ||
| 050 |
_aER _bNo66 1999 |
||
| 100 | 1 | _aCampbell-Todd, Deborah | |
| 245 | 1 | 0 |
_aNoah's Ark / _cstories re-told by Deborah Campbell-Todd. |
| 260 |
_aLondon : _bGrandreams Limited, _c1999. |
||
| 300 | _a1 v. (unp.) ; ill. | ||
| 440 | 0 | _aA Good Night Sleep Tight Storybook | |
| 650 | 4 |
_aBible stories _xO.T. |
|
| 650 | 4 | _aChildren stories | |
| 999 |
_c102826 _d102826 |
||